000 00314nam a22001457a 4500
008 211020b ||||| |||| 00| 0 eng d
020 _a9780077350147
041 _aeng
080 _22nd
_a573
082 _a573
100 _a11
101 _aBIO
245 _aConcepts of Biology
_cMader,S.S
942 _2udc
_cBK
999 _c58304
_d58304